Statistics for Most Beautiful Female Actresses Ever.

Click here to take the quiz!

General Stats

  • This quiz has been taken 325 times
  • The average score is 9 of 28

Answer Stats

Famous Role Actress Name % Correct
CleopatraElizabeth Taylor
84%
Holly GolightlyAudrey Hepburn
75%
Scarlett O'HaraVivien Leigh
69%
Sugar Kane KowalczykMarilyn Monroe
60%
CatwomanMichelle Pfeiffer
57%
Black WidowScarlett Johansson
56%
Aileen WuornosCharlize Theron
55%
CesiraSophia Loren
48%
Georgie ElginGrace Kelly
45%
MariaNatalie Wood
38%
Gilda Mundson FarrellRita Hayworth
38%
Ilsa Lund LaszloIngrid Bergman
37%
Velma KellyCatherine Zeta Jones
37%
Juliete HardyBrigitte Bardot
30%
Nina SayersNatalie Portman
28%
Catherine TramellSharon Stone
28%
Belle de JourCatherine Deneuve
27%
Alicia NashJennifer Connelly
16%
DelilahHedy Lamarr
13%
Honey RiderUrsula Andress
10%
SeleneKate Beckinsale
7%
Kelly GarrettJaclyn Smith
7%
EmmalineBrooke Shields
6%
Judy BartonKim Novak
6%
LoanaRaquel Welch
5%
SophieJessica Biel
4%
Norma McIverJacqueline Bisset
4%
Kim McAfeeAnn Margaret
3%

Score Distribution

Percentile by Number Answered

Percent of People with Each Score

Your Score History

You have not taken this quiz